Zákon Slovenskej národnej rady č. 87/1993 Z.z. o dani z nehnuteľností (v znení zákonov č. 87/1993 Z.z., č. 317/1993 Z.z. a č. 279/1995 Z.z.)

Guardado en:
Detalles Bibliográficos
Autor principal: Schultzová, Anna
Formato: Libro
Lenguaje:eslovaco
Publicado: [Bratislava] Letra & Line 1996
Edición:1. vyd.
Colección:Daňové praktikum 4
Materias:
Etiquetas: Agregar Etiqueta
Sin Etiquetas, Sea el primero en etiquetar este registro!

MARC

LEADER 00000nam a2200000 4500
001 c013199
005 20221214072434.7
020 |a 80-85513-13-7 
041 0 |a slo 
044 |a SK 
245 1 0 |a Zákon Slovenskej národnej rady č. 87/1993 Z.z. o dani z nehnuteľností (v znení zákonov č. 87/1993 Z.z., č. 317/1993 Z.z. a č. 279/1995 Z.z.)  |c Anna Schultzová 
250 |a 1. vyd. 
264 1 |a [Bratislava]  |b Letra & Line  |c 1996 
300 |a 44 s. 
490 1 |a Daňové praktikum  |v 4 
830 0 |a Daňové praktikum  |v 4 
610 2 0 |a dane z nehnuteľností 
610 2 0 |a Slovensko 
100 1 |a Schultzová, Anna